00515nam a2200229Ia 4500008004000000041000800040082001100048100001900059245005200078260005500130300000900185440001000194650000900204650001000213650000800223650000800231650000600239650001100245650000900256650000800265650001200273210210b1941 xxu||||| |||| 00| 0 eng d aeng a040/83 aREED (Stanley) aIndian year book and whos who 1940-41 Vol XXVII aBombaybBennett, Coleman and Company Limitedc1941 a1276 aXXVII ayear aXXVII awho aVol as aIndian abook aand a1940-41